[Event "19. Sahovski festival "]
[Site "Senta"]
[Date "2015.07.11"]
[Round "1.28"]
[White "Hereklioglu, Sude"]
[Black "Dermisek, Stipa"]
[Result "1/2-1/2"]
[WhiteElo "1704"]
[BlackElo "2077"]
[PlyCount "103"]
[EventDate "2015.07.11"]

1. e4 e5 2. Nf3 Nf6 3. Nc3 Bb4 4. d3 d5 5. exd5 Qxd5 6. Bd2 Bxc3 7. Bxc3 Nc6 8.
Be2 O-O 9. O-O Bg4 10. h3 Bh5 11. Re1 Nd7 12. Qd2 Bg6 13. Ng5 Nd4 14. Bxd4 Qxd4
15. Bf3 c6 16. Qc3 Qf4 17. Ne4 f5 18. Nd2 Rae8 19. Qc4+ Qxc4 20. Nxc4 e4 21.
dxe4 fxe4 22. Bg4 Nf6 23. Nd6 Re7 24. Bf5 Bxf5 25. Nxf5 Rd7 26. Re2 Nd5 27. Ng3
Nf4 28. Rxe4 Rd2 29. Rc4 Nd5 30. Rf1 Nb6 31. Rc5 Re8 32. b3 Nd5 33. a3 g6 34.
f3 Nf4 35. Rf2 Re1+ 36. Nf1 Rdd1 37. Rc4 Nh5 38. Rg4 Nf6 39. Ra4 b5 40. Rf4 Kg7
41. a4 g5 42. Rf5 Kg6 43. g4 Nd5 44. f4 Nxf4 45. Rf3 Rc1 46. axb5 Rxc2 47. bxc6
Rxc6 48. b4 a6 49. b5 axb5 50. Rxb5 Rcc1 51. Rb6+ Kg7 52. Rb7+ 1/2-1/2

[Event "19. Sahovski festival "]
[Site "Senta"]
[Date "2015.07.11"]
[Round "1.29"]
[White "Elez, Sinisa"]
[Black "Vilagos, Emil"]
[Result "1-0"]
[WhiteElo "2075"]
[BlackElo "1693"]
[PlyCount "39"]
[EventDate "2015.07.11"]

1. e4 c5 2. Nf3 e6 3. d4 cxd4 4. Nxd4 a6 5. Bd3 Qc7 6. Nc3 Nf6 7. Bg5 Be7 8.
O-O O-O 9. Re1 d6 10. a4 Nbd7 11. Bh4 b6 12. Bg3 Bb7 13. Qe2 Nc5 14. e5 Nd5 15.
Nxd5 Bxd5 16. Bc4 Bxc4 17. Qxc4 d5 18. Qe2 Ne4 19. Bf4 Qc4 20. Qxc4 1-0

[Event "19. Sahovski festival "]
[Site "Senta"]
[Date "2015.07.11"]
[Round "1.30"]
[White "Ilic, Nikola G"]
[Black "Csikos, Mihaly"]
[Result "0-1"]
[WhiteElo "1691"]
[BlackElo "2064"]
[PlyCount "46"]
[EventDate "2015.07.11"]

1. e4 e5 2. Nf3 Nf6 3. Nc3 Nc6 4. Bc4 Nxe4 5. Nxe4 d5 6. Bxd5 Qxd5 7. Nc3 Qd8
8. O-O Be7 9. Re1 f6 10. d3 O-O 11. Ne2 Bg4 12. Ng3 Nd4 13. Kh1 Qd5 14. Re3
Nxf3 15. gxf3 Bc5 16. Re4 f5 17. fxg4 fxe4 18. Nxe4 Rxf2 19. Bg5 Raf8 20. h3
R8f3 21. c4 Rxh3+ 22. Kg1 Rd2+ 23. Kf1 Rh1# 0-1

[Event "19. Sahovski festival "]
[Site "Senta"]
[Date "2015.07.11"]
[Round "1.31"]
[White "Stojkovska, Monika"]
[Black "Radin, Vladimir"]
[Result "1-0"]
[WhiteElo "2061"]
[BlackElo "1679"]
[PlyCount "79"]
[EventDate "2015.07.11"]

1. e4 d6 2. d4 Nf6 3. Nc3 Nc6 4. h3 a6 5. Nf3 b5 6. d5 Ne5 7. Nxe5 dxe5 8. Bd3
e6 9. Bg5 Bb4 10. dxe6 Bxe6 11. Qf3 Bxc3+ 12. bxc3 h6 13. Bh4 c5 14. Qe3 g5 15.
Bg3 Qc7 16. a4 c4 17. Be2 O-O 18. h4 g4 19. Qxh6 Nxe4 20. Bh2 Qc5 21. Rf1 Rfd8
22. Qh5 g3 23. Bxg3 Nxg3 24. Qg5+ Kh7 25. Qxg3 Rg8 26. Qf3 Rad8 27. Qe4+ f5 28.
Qb7+ Rg7 29. Qxa6 Ra7 30. Qxe6 Rd6 31. Qxf5+ Kg8 32. Rh1 bxa4 33. Rh3 Rf7 34.
Qg4+ Kf8 35. Rf3 Rdf6 36. Rxa4 Qb6 37. Qxc4 Rxf3 38. gxf3 Qb1+ 39. Bd1 Rd7 40.
Qb4+ 1-0

[Event "19. Sahovski festival "]
[Site "Senta"]
[Date "2015.07.11"]
[Round "1.41"]
[White "Sarnyai, Daniel"]
[Black "Rozsa, Sandor S"]
[Result "1-0"]
[WhiteElo "2007"]
[BlackElo "1495"]
[PlyCount "65"]
[EventDate "2015.07.11"]

1. c4 c5 2. Nf3 Nc6 3. Nc3 e6 4. d4 cxd4 5. Nxd4 a6 6. a3 Bc5 7. Nxc6 bxc6 8.
Ne4 Be7 9. c5 Nf6 10. Nd6+ Bxd6 11. cxd6 O-O 12. Bf4 Qa5+ 13. b4 Qd5 14. e3
Qxd1+ 15. Rxd1 Nd5 16. Be5 f6 17. Bd4 e5 18. Bc5 Nc3 19. Bc4+ Kh8 20. Rd3 Ne4
21. Bb6 Bb7 22. O-O Rac8 23. f3 Ng5 24. h4 Nf7 25. e4 h5 26. Kf2 Nh6 27. Re1
Rce8 28. Be3 Kh7 29. a4 f5 30. Kg1 fxe4 31. fxe4 Ng4 32. Bc5 Rf2 33. Bxf2 1-0

[Event "19. Sahovski festival "]
[Site "Senta"]
[Date "2015.07.12"]
[Round "2.1"]
[White "Matovic, Mihajlo Z"]
[Black "Atalik, Suat"]
[Result "0-1"]
[WhiteElo "2100"]
[BlackElo "2564"]
[PlyCount "122"]
[EventDate "2015.07.11"]

1. e4 e6 2. d4 d5 3. e5 c5 4. c3 Nc6 5. Nf3 Bd7 6. a3 f6 7. Bd3 fxe5 8. Nxe5
Nxe5 9. dxe5 Qh4 10. O-O c4 11. g3 Qh3 12. Be2 Qf5 13. Bh5+ g6 14. Bg4 Qf7 15.
Be3 Nh6 16. Nd2 Nxg4 17. Qxg4 Be7 18. f4 Qf5 19. Qxf5 gxf5 20. Nf3 Ba4 21. Nd4
Kd7 22. Kf2 h5 23. Rg1 b6 24. Ke2 Rag8 25. h4 Rc8 26. Kf2 Rc5 27. Bd2 Ra5 28.
Be3 Rc8 29. Rg2 Bf8 30. Rgg1 Ke7 31. Rg2 Kf7 32. Rgg1 Be7 33. Rg2 Bd7 34. Rgg1
Ra4 35. Nc2 Rb8 36. Rge1 a5 37. Rg1 Ke8 38. Rge1 Kd8 39. Rg1 Kc7 40. Rge1 b5
41. Bd4 Rg8 42. Be3 Ra8 43. Rg1 b4 44. axb4 axb4 45. Rxa4 Rxa4 46. cxb4 Bxb4
47. Nxb4 Rxb4 48. Bd4 Rb3 49. Ke2 Bb5 50. Kf2 Rd3 51. Bc5 Kc6 52. Ba3 d4 53.
Re1 Rd2+ 54. Kg1 Kd5 55. Kh1 Ba4 56. Kg1 d3 57. Ra1 Bb3 58. Re1 Kd4 59. Kf1 Rh2
60. Kg1 d2 61. Ra1 Re2 0-1

[Event "19. Sahovski festival "]
[Site "Senta"]
[Date "2015.07.12"]
[Round "2.2"]
[White "Arsovic, Zoran"]
[Black "Elez, Sinisa"]
[Result "1-0"]
[WhiteElo "2418"]
[BlackElo "2075"]
[PlyCount "67"]
[EventDate "2015.07.11"]

1. Nf3 Nf6 2. c4 c5 3. Nc3 e6 4. e3 Nc6 5. d4 cxd4 6. exd4 d5 7. cxd5 Nxd5 8.
Bd3 Be7 9. O-O O-O 10. Re1 Nxc3 11. bxc3 Qa5 12. Qc2 g6 13. Rb1 Qc7 14. Bh6 Rd8
15. h4 Bf6 16. h5 Ne7 17. hxg6 hxg6 18. Ne5 Bxe5 19. Rxe5 f6 20. Rc5 Qd6 21.
Bxg6 b6 22. Rh5 f5 23. Bh7+ Kf7 24. Qc1 Ke8 25. Rg5 Kd7 26. Rg7 Re8 27. Bg5 Bb7
28. Bg6 Qd5 29. Bxe8+ Rxe8 30. Bxe7 Rxe7 31. Qg5 Rxg7 32. Qxg7+ Kc8 33. Re1
Qxa2 34. Qf8+ 1-0

[Event "19. Sahovski festival "]
[Site "Senta"]
[Date "2015.07.12"]
[Round "2.3"]
[White "Csikos, Mihaly"]
[Black "Nestorovic, Dejan"]
[Result "0-1"]
[WhiteElo "2064"]
[BlackElo "2408"]
[PlyCount "148"]
[EventDate "2015.07.11"]

1. e4 c5 2. Nf3 e6 3. d4 cxd4 4. Nxd4 a6 5. Nc3 Qc7 6. g3 Bb4 7. Nde2 Nf6 8.
Bg2 Nc6 9. O-O Be7 10. Nf4 O-O 11. Be3 d6 12. Na4 Nd7 13. Nd3 b5 14. Nc3 Bb7
15. f4 Na5 16. Qe2 Nc4 17. Nd1 e5 18. c3 Rfe8 19. f5 d5 20. exd5 Nf6 21. b3
Nxe3 22. Nxe3 Qxc3 23. Kh1 e4 24. Nf4 Bc5 25. Ng4 Nxg4 26. Qxg4 Qe5 27. Rae1 e3
28. Nd3 Qd4 29. Qxd4 Bxd4 30. Rf4 Bc3 31. Re2 Rad8 32. Re4 Bd2 33. Rd4 Bc8 34.
g4 Rd6 35. Nc5 Bc1 36. Nd3 Bd2 37. Nc5 Bc1 38. Nd3 Ba3 39. b4 h5 40. h3 hxg4
41. hxg4 g6 42. Re4 Red8 43. fxg6 Rxg6 44. R4xe3 Bxg4 45. Rf2 Rg7 46. Rf4 Bh5
47. Rd4 Bg6 48. Be4 Rh7+ 49. Kg2 Rh4 50. Kf3 Rd6 51. Nf4 Bc1 52. Bxg6 Bxe3 53.
Bxf7+ Kxf7 54. Kxe3 Rh2 55. Ne2 Rdh6 56. Rf4+ Ke8 57. Nd4 Rxa2 58. Ne6 Rb2 59.
Rd4 Rh3+ 60. Ke4 Rh4+ 61. Nf4 Kd7 62. Ke5 Rb1 63. Re4 Rb3 64. Kf6 Rf3 65. Kg5
Rh1 66. Kf6 Rhf1 67. Kg5 Rc3 68. Kf5 Rc4 69. Ke5 Rxe4+ 70. Kxe4 Kd6 71. Nd3 Rh1
72. Nc5 Rh4+ 73. Kd3 Kxd5 74. Nxa6 Rh3+ 0-1

[Event "19. Sahovski festival "]
[Site "Senta"]
[Date "2015.07.12"]
[Round "2.4"]
[White "Todorovic, Jovan"]
[Black "Stojkovska, Monika"]
[Result "0-1"]
[WhiteElo "2402"]
[BlackElo "2061"]
[PlyCount "106"]
[EventDate "2015.07.11"]

1. e4 c5 2. Nf3 d6 3. d4 cxd4 4. Nxd4 Nf6 5. Nc3 Nc6 6. Bg5 Qb6 7. Nb3 e6 8.
Qd2 a6 9. O-O-O h6 10. Bxf6 gxf6 11. f4 h5 12. Be2 Qa7 13. Rhf1 b5 14. a3 Rb8
15. Kb1 b4 16. axb4 Rxb4 17. Rf3 h4 18. Re3 Qb6 19. Bf3 Na5 20. Nxa5 Qxa5 21.
e5 fxe5 22. fxe5 Rb6 23. exd6 Bxd6 24. Rd3 Rxb2+ 25. Kxb2 Ba3+ 26. Ka1 Bb4+ 27.
Na2 Bxd2 28. R1xd2 Ke7 29. h3 e5 30. Rd5 Qc7 31. R2d3 Be6 32. Rc3 Qb8 33. Rb3
Qa7 34. Nb4 Bxd5 35. Nxd5+ Kf8 36. Rb4 Rh6 37. Rc4 a5 38. Rc7 Qd4+ 39. c3 Qa4+
40. Kb2 e4 41. Be2 Rd6 42. c4 Qe8 43. Kc2 Qe5 44. Rc5 Qa1 45. Nc3 e3 46. Bd3
Qe1 47. Ne4 Rd4 48. Re5 Qb4 49. Nc3 a4 50. Rb5 Qd6 51. Nd5 Qg3 52. Kc3 e2 53.
Kxd4 e1=Q 0-1

[Event "19. Sahovski festival "]
[Site "Senta"]
[Date "2015.07.12"]
[Round "2.5"]
[White "Jovanovic, Milan B"]
[Black "Arsovic, Goran"]
[Result "1/2-1/2"]
[WhiteElo "2041"]
[BlackElo "2395"]
[PlyCount "65"]
[EventDate "2015.07.11"]

1. d4 Nf6 2. Bg5 Ne4 3. Bh4 c5 4. f3 g5 5. fxe4 gxh4 6. e3 Bh6 7. Qd3 Nc6 8. c3
d6 9. Nf3 Qb6 10. b3 cxd4 11. exd4 h3 12. g3 e5 13. d5 Ne7 14. Qb5+ Qxb5 15.
Bxb5+ Kd8 16. Nbd2 Bg4 17. Be2 Ng6 18. Nc4 Ke7 19. Nh4 Bd7 20. Nf5+ Bxf5 21.
exf5 Nf8 22. f6+ Kd7 23. Bg4+ Kc7 24. Bxh3 b5 25. Nd2 Bxd2+ 26. Kxd2 Nd7 27.
Bxd7 Kxd7 28. a4 a6 29. axb5 axb5 30. Kc2 Kc7 31. Rhf1 Kb6 32. b4 Rxa1 33. Rxa1
1/2-1/2

[Event "19. Sahovski festival "]
[Site "Senta"]
[Date "2015.07.12"]
[Round "2.6"]
[White "Vucinic, Gojko"]
[Black "Lovas, Miklos"]
[Result "1-0"]
[WhiteElo "2328"]
[BlackElo "2029"]
[PlyCount "55"]
[EventDate "2015.07.11"]

1. e4 d5 2. exd5 Qxd5 3. Nc3 Qa5 4. d4 Nf6 5. Bd2 c6 6. Bc4 Bf5 7. Nf3 e6 8.
Nd5 Qd8 9. Nxf6+ Qxf6 10. Bc3 Qd8 11. Qe2 Be7 12. Ne5 Nd7 13. O-O-O Qc7 14. g4
Nxe5 15. dxe5 Bg6 16. f4 O-O 17. Rhf1 b5 18. Bb3 a5 19. a4 Qc8 20. f5 exf5 21.
e6 Bg5+ 22. Kb1 f4 23. h4 Bxh4 24. Rxf4 b4 25. Be5 Kh8 26. exf7 Bg3 27. Bxg7+
Kxg7 28. Qe5+ 1-0

[Event "19. Sahovski festival "]
[Site "Senta"]
[Date "2015.07.12"]
[Round "2.7"]
[White "Puhalo, Zdravko"]
[Black "Marjanovics, Annamaria"]
[Result "0-1"]
[WhiteElo "2033"]
[BlackElo "2277"]
[PlyCount "100"]
[EventDate "2015.07.11"]

1. d4 f5 2. f4 Nf6 3. Nf3 g6 4. e3 Bg7 5. Bc4 e6 6. O-O O-O 7. c3 Nc6 8. Nbd2
Qe7 9. Qe2 d6 10. b3 a6 11. a4 Nd5 12. Bb2 Kh8 13. b4 a5 14. b5 Nb8 15. Bb3 Nd7
16. Rfe1 c5 17. Nc4 b6 18. Qf2 Bb7 19. Ncd2 e5 20. Bxd5 Bxd5 21. c4 Bxf3 22.
Nxf3 cxd4 23. exd4 e4 24. Ng5 h6 25. Nh3 Rfc8 26. Rac1 Ra7 27. Qe2 Rac7 28. Nf2
Qf7 29. Ba3 Rxc4 30. Rxc4 Qxc4 31. Qxc4 Rxc4 32. Bxd6 Bxd4 33. Kf1 Rxa4 34. Rd1
Kg8 35. Rc1 Kf7 36. Nd1 Ra1 37. Rxa1 Bxa1 38. Ne3 Ke6 39. Ba3 Bd4 40. Nc2 Kd5
41. Ke2 Kc4 42. h3 Bc5 43. Bxc5 Nxc5 44. Ne3+ Kxb5 45. g4 Ne6 46. Nd5 Kc5 47.
Ne7 Nxf4+ 48. Kd2 e3+ 49. Ke1 fxg4 50. hxg4 a4 0-1

[Event "19. Sahovski festival "]
[Site "Senta"]
[Date "2015.07.12"]
[Round "2.9"]
[White "Pajzer, Istvan"]
[Black "Baglan, Esat"]
[Result "0-1"]
[WhiteElo "2026"]
[BlackElo "2257"]
[PlyCount "116"]
[EventDate "2015.07.11"]

1. e4 c5 2. Nf3 d6 3. d4 cxd4 4. Nxd4 Nf6 5. Nc3 Nc6 6. Bc4 e6 7. Be3 Be7 8.
Qe2 O-O 9. O-O-O a6 10. Nxc6 bxc6 11. g4 d5 12. g5 Nd7 13. exd5 exd5 14. Bd3
Bxg5 15. Rhg1 Bxe3+ 16. fxe3 Qe7 17. h4 Ne5 18. h5 f5 19. Rg3 a5 20. Rdg1 Ng4
21. Qf3 Bd7 22. a3 Qe5 23. Nd1 Rae8 24. c3 c5 25. Bc2 Rf7 26. Qf1 c4 27. Qg2
Ree7 28. Kb1 Bc8 29. Ka1 Be6 30. Bb1 Qf6 31. Qc2 Qh6 32. Qa4 Qxh5 33. Qxa5 Rf8
34. Qc5 Qf7 35. Qd4 Qf6 36. Qd2 g6 37. Qg2 Bf7 38. Re1 Qg5 39. Qg1 Rfe8 40. e4
dxe4 41. Ne3 h5 42. Nxg4 hxg4 43. Rd1 e3 44. Re1 Kg7 45. Re2 Qf4 46. Qe1 Bd5
47. Rg1 Bf3 48. Rf1 Qh6 49. Rc2 e2 50. Rg1 Rd7 51. Rc1 Qxc1 52. Qxc1 Rd1 53.
Qf4 Rxg1 54. Qc7+ Kh8 55. Qh2+ Kg8 56. Qh6 Rxb1+ 57. Kxb1 e1=Q+ 58. Ka2 Qe6 0-1

[Event "19. Sahovski festival "]
[Site "Senta"]
[Date "2015.07.12"]
[Round "2.10"]
[White "Kumic, Filip"]
[Black "Nestorovic, Irena"]
[Result "1-0"]
[WhiteElo "2253"]
[BlackElo "2019"]
[PlyCount "93"]
[EventDate "2015.07.11"]

1. Nf3 Nf6 2. g3 g6 3. Bg2 Bg7 4. O-O O-O 5. c4 c5 6. d4 cxd4 7. Nxd4 Nc6 8.
Nc3 Nxd4 9. Qxd4 d6 10. Bg5 Be6 11. Qh4 Rc8 12. b3 Qa5 13. Rac1 Rc5 14. Bd2 Rh5
15. Qf4 Bh6 16. Qd4 Bxd2 17. Qxd2 Bh3 18. Bxh3 Rxh3 19. f3 Qe5 20. e4 Rc8 21.
Ne2 g5 22. Nc3 Kh8 23. Nd5 Rg8 24. Nxf6 Qxf6 25. Qc3 e5 26. Qb2 b6 27. a4 Qg6
28. Rcd1 Rh6 29. Qc2 Qe6 30. Qd3 Rgg6 31. Rf2 Rf6 32. Qc3 Rhg6 33. a5 h5 34.
axb6 axb6 35. Rdf1 Kh7 36. Qe3 g4 37. fxg4 Rxf2 38. Qxf2 Qxg4 39. Qxf7+ Rg7 40.
Qf5+ Qxf5 41. Rxf5 Kg6 42. Rf3 b5 43. Rd3 bxc4 44. bxc4 Rc7 45. Rxd6+ Kg5 46.
h4+ Kg4 47. Kg2 1-0

[Event "19. Sahovski festival "]
[Site "Senta"]
[Date "2015.07.12"]
[Round "2.11"]
[White "Jovanovic, Aleksandar D"]
[Black "Sarnyai, Daniel"]
[Result "1-0"]
[WhiteElo "2240"]
[BlackElo "2007"]
[PlyCount "103"]
[EventDate "2015.07.11"]

1. d4 Nf6 2. Bf4 g6 3. e3 Bg7 4. Nd2 O-O 5. Ngf3 d6 6. h3 Nbd7 7. Bc4 c5 8. c3
a6 9. O-O b5 10. Bb3 Bb7 11. Re1 Re8 12. Bh2 Qb6 13. Ng5 c4 14. Bc2 e5 15. Nf1
Qc6 16. Nf3 Rad8 17. Re2 e4 18. N3d2 d5 19. Re1 Nh5 20. g4 Nhf6 21. f3 Re6 22.
Ng3 exf3 23. Qxf3 Rde8 24. Re2 Bh6 25. Rae1 Bg5 26. Qf2 Bh4 27. Nf3 Bxg3 28.
Bxg3 Ne4 29. Bxe4 dxe4 30. Nd2 Rf6 31. Qh2 g5 32. Rf1 Rxf1+ 33. Nxf1 f6 34. Rf2
Qe6 35. Bc7 Rc8 36. Ba5 Nb6 37. Bxb6 Qxb6 38. Ng3 Rf8 39. h4 Qc7 40. Nh5 Qxh2+
41. Kxh2 gxh4 42. Nxf6+ Kg7 43. Nh5+ Kg8 44. Rxf8+ Kxf8 45. Kh3 Kf7 46. Kxh4 a5
47. Kg5 b4 48. Kh6 Kg8 49. Nf6+ Kh8 50. Nxh7 a4 51. a3 Kg8 52. g5 1-0

[Event "19. Sahovski festival "]
[Site "Senta"]
[Date "2015.07.12"]
[Round "2.12"]
[White "Tomik, Lajos"]
[Black "Simonyi, Zoltan"]
[Result "0-1"]
[WhiteElo "2021"]
[BlackElo "2227"]
[PlyCount "86"]
[EventDate "2015.07.11"]

1. c4 e5 2. Nc3 g6 3. g3 Bg7 4. Bg2 c6 5. d3 Ne7 6. Qb3 d6 7. e4 Nd7 8. Nge2
Nc5 9. Qc2 Be6 10. b4 Nd7 11. Rb1 O-O 12. Be3 f5 13. O-O Nf6 14. f3 Nh5 15. Qd2
d5 16. cxd5 cxd5 17. d4 f4 18. gxf4 exf4 19. Bf2 g5 20. Be1 Nf6 21. e5 Nd7 22.
Kh1 Nb6 23. Nd1 Nc4 24. Qc3 Rc8 25. Qb3 Qe8 26. a4 Qh5 27. Qa2 Bf5 28. Rb3 Rc6
29. Bf2 Rh6 30. Bg1 Qg6 31. Rc3 Bd3 32. Nf2 Bxe2 33. Qxe2 Nf5 34. Nh3 Nce3 35.
Rxe3 fxe3 36. Bxe3 Rh5 37. Qd2 Bh6 38. f4 g4 39. Bxd5+ Kh8 40. Nf2 Ng3+ 41. Kg2
Rxh2+ 42. Kg1 Nxf1 43. Kxf1 g3 0-1

[Event "19. Sahovski festival "]
[Site "Senta"]
[Date "2015.07.12"]
[Round "2.13"]
[White "Vranic, Ljubomir"]
[Black "Korponai, Akos"]
[Result "0-1"]
[WhiteElo "2213"]
[BlackElo "2002"]
[PlyCount "96"]
[EventDate "2015.07.11"]

1. d4 Nf6 2. c4 e6 3. Nc3 Bb4 4. Bd2 c5 5. a3 cxd4 6. axb4 dxc3 7. Bxc3 O-O 8.
Nf3 d5 9. e3 b6 10. Be2 Bb7 11. O-O Nbd7 12. Qd4 Re8 13. cxd5 e5 14. Qh4 Bxd5
15. Bb5 Qc7 16. Rfc1 Bxf3 17. gxf3 Qb7 18. Qh3 a6 19. Bf1 b5 20. Bg2 Rac8 21.
f4 e4 22. Rd1 Nd5 23. Qf5 N7f6 24. Bxf6 Nxf6 25. Rac1 h6 26. Bh3 Rxc1 27. Rxc1
Rd8 28. Qe5 Qd5 29. Qxd5 Nxd5 30. Rd1 Kf8 31. Bf5 Ke7 32. Rd4 Nf6 33. Rxd8 Kxd8
34. f3 exf3 35. Kf2 Nd5 36. Kxf3 Nxb4 37. Ke4 Ke7 38. Kd4 Kd6 39. Bc8 a5 40.
Bb7 Nc6+ 41. Kd3 Kc5 42. e4 f6 43. h4 a4 44. h5 b4 45. Bxc6 Kxc6 46. Kc4 a3 47.
bxa3 bxa3 48. Kb3 Kc5 0-1

[Event "19. Sahovski festival "]
[Site "Senta"]
[Date "2015.07.12"]
[Round "2.14"]
[White "Nagy, Attila N"]
[Black "Janjusevic, Branislav"]
[Result "1-0"]
[WhiteElo "2207"]
[BlackElo "1968"]
[PlyCount "105"]
[EventDate "2015.07.11"]

1. e4 d5 2. exd5 Nf6 3. d4 Nxd5 4. Nf3 e6 5. Bd3 Be7 6. O-O O-O 7. c4 Nf6 8.
Nc3 c5 9. dxc5 Bxc5 10. Qe2 a6 11. Bg5 Be7 12. Rfd1 Qc7 13. Ne4 Nxe4 14. Qxe4
f5 15. Qe2 Nc6 16. Bxe7 Qxe7 17. Re1 Bd7 18. Rad1 Rae8 19. Ne5 Nxe5 20. Qxe5
Bc8 21. c5 Qf6 22. Bc4 Qxe5 23. Rxe5 g6 24. f4 Kf7 25. Rd6 Kf6 26. c6 bxc6 27.
Rxc6 h6 28. Re2 a5 29. Rc5 Rd8 30. b3 Rd4 31. g3 Re8 32. Rxa5 Bb7 33. Ra7 Be4
34. Rh7 h5 35. a4 Red8 36. Kf2 Rd1 37. Ra7 Rh1 38. Ke3 Rf1 39. Rd2 Re1+ 40. Be2
Rb8 41. Rdd7 Rf8 42. Kf2 Rb1 43. Bc4 Rb2+ 44. Ke3 h4 45. gxh4 Rxh2 46. Ra6 Re8
47. Rdd6 Rh3+ 48. Kd4 Rxh4 49. Rxe6+ Rxe6 50. Rxe6+ Kg7 51. Ke5 Rh3 52. Re7+
Kh6 53. Bg8 1-0

[Event "19. Sahovski festival "]
[Site "Senta"]
[Date "2015.07.12"]
[Round "2.15"]
[White "Kaszas, Viktor"]
[Black "Meszaros, Bela"]
[Result "0-1"]
[WhiteElo "2017"]
[BlackElo "2206"]
[PlyCount "88"]
[EventDate "2015.07.11"]

1. e4 e6 2. d4 c5 3. Nf3 cxd4 4. Nxd4 Nf6 5. Nc3 Nc6 6. Ndb5 d6 7. Bf4 e5 8.
Bg5 a6 9. Na3 b5 10. Nd5 Qa5+ 11. Bd2 Qd8 12. Bg5 Be6 13. c4 b4 14. Nc2 a5 15.
g3 Be7 16. Bxf6 Bxf6 17. Bg2 Bg5 18. O-O O-O 19. Qd3 Rc8 20. Rad1 Re8 21. Rfe1
g6 22. b3 f5 23. Bh3 f4 24. Bxe6+ Rxe6 25. f3 Re8 26. Kg2 h5 27. Re2 Kg7 28.
gxf4 exf4 29. Nd4 Ne5 30. Qc2 Bh6 31. Kh1 Kh7 32. Rg2 Qh4 33. Qf2 Qd8 34. Qc2
Kh8 35. Qb2 Kh7 36. Qc2 Rb8 37. c5 dxc5 38. Qxc5 Rb7 39. Nc6 Rc7 40. Nxd8 Rxc5
41. Nf6+ Kh8 42. Nxe8 Nxf3 43. Rxg6 Bg5 44. Ne6 Rc2 0-1

[Event "19. Sahovski festival "]
[Site "Senta"]
[Date "2015.07.12"]
[Round "2.16"]
[White "Kovacs, Arthur Dr"]
[Black "Bratkovic, Sham"]
[Result "1/2-1/2"]
[WhiteElo "2006"]
[BlackElo "2152"]
[PlyCount "73"]
[EventDate "2015.07.11"]

1. d4 d5 2. Nf3 Nf6 3. c4 c6 4. Nc3 e6 5. cxd5 exd5 6. Bg5 Bf5 7. Qb3 Qb6 8.
Bxf6 gxf6 9. e3 Na6 10. Nh4 Qxb3 11. axb3 Nb4 12. Kd2 Bc2 13. Be2 Bxb3 14. Rhc1
Be7 15. Nf5 Rg8 16. g3 Rg5 17. Nxe7 Kxe7 18. Ra3 Bc4 19. Bxc4 dxc4 20. Ne4 Nd3
21. Rxd3 cxd3 22. Nxg5 fxg5 23. Rc5 f6 24. Kxd3 Rd8 25. e4 Ke6 26. f4 h6 27.
f5+ Kd6 28. Ra5 a6 29. e5+ Ke7 30. e6 Rd5 31. Rxd5 cxd5 32. Kc3 b6 33. Kd3 Kd6
34. Ke3 a5 35. Kd3 b5 36. b4 a4 37. Kc3 1/2-1/2

[Event "19. Sahovski festival "]
[Site "Senta"]
[Date "2015.07.12"]
[Round "2.17"]
[White "Kecskemeti, Arpad"]
[Black "Slavic, Nikola"]
[Result "1-0"]
[WhiteElo "2152"]
[BlackElo "1948"]
[PlyCount "137"]
[EventDate "2015.07.11"]

1. e4 c5 2. Nf3 d6 3. d4 cxd4 4. Nxd4 Nf6 5. Nc3 a6 6. Be3 Ng4 7. Bc1 Ne5 8. f4
Nec6 9. Be3 e6 10. Be2 Be7 11. O-O O-O 12. Qd2 Nxd4 13. Bxd4 Nc6 14. Be3 b5 15.
a4 b4 16. Na2 Rb8 17. b3 Bb7 18. Rad1 Qc7 19. Bc4 a5 20. Qf2 Ba8 21. g4 Nd8 22.
Qg2 Qc6 23. Bd3 d5 24. e5 Bc5 25. Bxc5 Qxc5+ 26. Rf2 Qe3 27. Kf1 d4 28. Qg3
Qxg3 29. hxg3 g6 30. Bb5 Bc6 31. Bc4 Nb7 32. Rxd4 Nc5 33. Rfd2 Ne4 34. R2d3 Nc5
35. Re3 Rfd8 36. Rxd8+ Rxd8 37. Ke1 Be4 38. c3 bxc3 39. Nxc3 Bc2 40. Nb5 Rd1+
41. Ke2 Rb1 42. Kd2 Bd1 43. Re1 Bc2 44. Rxb1 Bxb1 45. Nc3 Be4 46. Ke3 Bc2 47.
Kd4 Nb7 48. Ne4 h6 49. Nf2 Bb1 50. Ba6 Nd8 51. Bd3 Ba2 52. Kc3 Nc6 53. Kb2 Nb4
54. Bc4 Bxb3 55. Kxb3 Nc6 56. Kc3 Kf8 57. Bb5 Nb4 58. Nd3 Nd5+ 59. Kd4 Ke7 60.
Bc6 Nc7 61. Kc5 f5 62. exf6+ Kxf6 63. Kb6 Nd5+ 64. Bxd5 exd5 65. Kxa5 h5 66.
Kb6 hxg4 67. a5 Kf5 68. Nf2 d4 69. a6 1-0

[Event "19. Sahovski festival "]
[Site "Senta"]
[Date "2015.07.12"]
[Round "2.18"]
[White "Dinic, Nenad"]
[Black "Lazov, Toni"]
[Result "0-1"]
[WhiteElo "1995"]
[BlackElo "2141"]
[PlyCount "64"]
[EventDate "2015.07.11"]

1. e4 c5 2. Nf3 d6 3. Bb5+ Nd7 4. a4 Ngf6 5. Qe2 a6 6. Bc4 e6 7. Nc3 Be7 8. O-O
O-O 9. a5 b5 10. axb6 Nxb6 11. Bb3 d5 12. e5 Nfd7 13. d3 Bb7 14. Bd2 Qc7 15.
Bf4 Rfb8 16. Rfe1 Bc6 17. Bg3 a5 18. Ba2 Bf8 19. Rab1 Qb7 20. Ng5 h6 21. Nh3
Nc8 22. Nf4 Ne7 23. h3 Nf5 24. Bh2 g6 25. Qg4 Bg7 26. Nxg6 fxg6 27. Qxg6 Nf8
28. Qg4 Rd8 29. Ne4 dxe4 30. Qxf5 exd3 31. cxd3 Bd5 32. Bxd5 Qxd5 0-1

[Event "19. Sahovski festival "]
[Site "Senta"]
[Date "2015.07.12"]
[Round "2.19"]
[White "Markovic, Aleksandar"]
[Black "Lalic, Danka"]
[Result "1-0"]
[WhiteElo "2133"]
[BlackElo "1788"]
[PlyCount "53"]
[EventDate "2015.07.11"]

1. e4 g6 2. d4 Bg7 3. Nc3 d6 4. f4 Nc6 5. Be3 Nf6 6. h3 O-O 7. Nf3 Nh5 8. Ne2
e5 9. fxe5 dxe5 10. d5 Nd4 11. Bxd4 exd4 12. g4 Nf6 13. e5 Nxd5 14. Qxd4 Bh6
15. g5 Bxg5 16. Nxg5 Qxg5 17. h4 Qd8 18. O-O-O Be6 19. Ng3 Qe7 20. Bg2 Nb6 21.
Ne4 Rad8 22. Nf6+ Kg7 23. Qf4 Nd7 24. h5 Rh8 25. h6+ Kf8 26. Rd2 Rb8 27. Rhd1
1-0

[Event "19. Sahovski festival "]
[Site "Senta"]
[Date "2015.07.12"]
[Round "2.22"]
[White "Farkas, Janos"]
[Black "Farkas, Tibor"]
[Result "0-1"]
[WhiteElo "1788"]
[BlackElo "2251"]
[PlyCount "60"]
[EventDate "2015.07.11"]

1. e4 c5 2. Nf3 d6 3. d4 cxd4 4. Nxd4 Nf6 5. Bd3 Nc6 6. c3 e6 7. O-O Be7 8. Be3
Ne5 9. Bb5+ Bd7 10. f3 Bxb5 11. Nxb5 a6 12. Nd4 O-O 13. Qe2 Rc8 14. Nd2 Qc7 15.
h3 Rfe8 16. Bf2 Ng6 17. Rfe1 Bf8 18. Rad1 b5 19. g3 Ne5 20. f4 Nc4 21. N2f3 e5
22. fxe5 dxe5 23. Nf5 g6 24. Ne3 Nb6 25. Nd5 Nbxd5 26. exd5 e4 27. Nh2 e3 28.
Bxe3 Qxg3+ 29. Kh1 Bd6 30. Qf2 Rxe3 0-1

[Event "19. Sahovski festival "]
[Site "Senta"]
[Date "2015.07.12"]
[Round "2.23"]
[White "Bacsa, Zoltan"]
[Black "Bratkovic, Jakob"]
[Result "0-1"]
[WhiteElo "1676"]
[BlackElo "2212"]
[PlyCount "60"]
[EventDate "2015.07.11"]

1. e4 c5 2. Nf3 Nc6 3. d4 cxd4 4. Nxd4 e5 5. Nxc6 bxc6 6. Bc4 Nf6 7. Qf3 g6 8.
Bg5 Bg7 9. Nd2 O-O 10. Bb3 h6 11. Bh4 g5 12. Bg3 d5 13. O-O Bg4 14. Qc3 dxe4
15. Bxe5 Nd5 16. Bxd5 Bxe5 17. Bxf7+ Rxf7 18. Qxe5 Qxd2 19. Qxe4 Bf5 20. Qxc6
Raf8 21. Rad1 Qxc2 22. Qxh6 Qxb2 23. Qxg5+ Rg7 24. Qf4 Qxa2 25. Ra1 Qd5 26. f3
Bh3 27. Qe3 Bxg2 28. Rf2 Bxf3+ 29. Kf1 Qc4+ 30. Ke1 Rg1+ 0-1

[Event "19. Sahovski festival "]
[Site "Senta"]
[Date "2015.07.12"]
[Round "2.26"]
[White "Dermisek, Stipa"]
[Black "Hiebert, Kenji"]
[Result "1-0"]
[WhiteElo "2077"]
[BlackElo "1796"]
[PlyCount "69"]
[EventDate "2015.07.11"]

1. d4 Nf6 2. Nf3 g6 3. c4 Bg7 4. Nc3 O-O 5. e4 d6 6. Be2 e5 7. Be3 Ng4 8. Bg5
f6 9. Bh4 Nc6 10. h3 Nh6 11. Qd2 Nf7 12. Rd1 Kh8 13. dxe5 dxe5 14. Nd5 g5 15.
Bg3 Ne7 16. Qc2 Qd6 17. c5 Qd8 18. Nxf6 Bxf6 19. Rxd8 Rxd8 20. Bc4 Kg7 21. Bxf7
Kxf7 22. Nxe5+ Bxe5 23. Bxe5 Be6 24. O-O Rd7 25. f4 gxf4 26. Rxf4+ Kg8 27. Rf6
Bf7 28. Qf2 Ng6 29. Bc3 Bxa2 30. h4 Bb1 31. h5 Nf8 32. Qg3+ Rg7 33. Qe5 Nd7 34.
Qd5+ Kh8 35. Rf7 1-0